Geology of New York ... (Record no. 24574)

MARC details
000 -LEADER
fixed length control field 01574cam a22003131 4500
001 - CONTROL NUMBER
control field gs 07000386
003 - CONTROL NUMBER IDENTIFIER
control field DLC
005 - DATE AND TIME OF LATEST TRANSACTION
control field 20260227111305.0
008 - FIXED-LENGTH DATA ELEMENTS--GENERAL INFORMATION
fixed length control field 730306s1842 nyuafb 000 0 eng
010 ## - LIBRARY OF CONGRESS CONTROL NUMBER
LC control number gs 07000386
035 ## - SYSTEM CONTROL NUMBER
System control number (OCoLC)569426
040 ## - CATALOGING SOURCE
Original cataloging agency U.S. Geol. Survey Libr.
Transcribing agency DLC
Modifying agency DLC
050 00 - LIBRARY OF CONGRESS CALL NUMBER
Classification number QH105.N7
Item number N2 div. 4
051 ## - LIBRARY OF CONGRESS COPY, ISSUE, OFFPRINT STATEMENT
Classification number QE145
Item number .G4
245 00 - TITLE STATEMENT
Title Geology of New York ...
260 ## - PUBLICATION, DISTRIBUTION, ETC.
Place of publication, distribution, etc. Albany,
Name of publisher, distributor, etc. Printed by Carroll & Cook, printers to the Assembly,
Date of publication, distribution, etc. 1842-43 [pt. 1, '43]
300 ## - PHYSICAL DESCRIPTION
Extent 4 v.
Other physical details illus., plates (part fold., part col.) maps (part fold.) diagrs.
Dimensions 29 cm.
440 #0 - SERIES STATEMENT/ADDED ENTRY--TITLE
Title Natural history of New York ... ;
Volume/sequential designation [div. 4]
500 ## - GENERAL NOTE
General note Added t.-p., engraved, with vignette.
500 ## - GENERAL NOTE
General note Parts 2-3 printed by W. & A. White and J. Visscher.
500 ## - GENERAL NOTE
General note General author and subject index may be found in "Index to publications of the New York state natural history survey and New York State museum. By Mary Ellis. 1903." (New York. State museum. Bulletin 66)
505 0# - FORMATTED CONTENTS NOTE
Formatted contents note pt. I. Geology of the first geological district, by W. W. Mather.--pt. II. Survey of the second geological district, by Ebenezer Emmons.--pt. III. Survey of the third geological district, by Lardner Vanuxem.--pt. IV. Survey of the fourth geological district, by James Hall.
650 #0 - SUBJECT ADDED ENTRY--TOPICAL TERM
Topical term or geographic name entry element Geology
Geographic subdivision New York (State)
700 1# - ADDED ENTRY--PERSONAL NAME
Personal name Mather, W. W.
Fuller form of name (William Williams),
Dates associated with a name 1804-1859.
700 1# - ADDED ENTRY--PERSONAL NAME
Personal name Emmons, Ebenezer,
Dates associated with a name 1799-1863.
700 1# - ADDED ENTRY--PERSONAL NAME
Personal name Vanuxem, Lardner,
Dates associated with a name 1792-1848.
700 1# - ADDED ENTRY--PERSONAL NAME
Personal name Hall, James,
Dates associated with a name 1811-1898.
710 1# - ADDED ENTRY--CORPORATE NAME
Corporate name or jurisdiction name as entry element New York (State).
Subordinate unit Natural History Survey.

No items available.

Powered by Koha